Lecciones de apologética o fundamentos de la fe católica: para uso de los cursos superiores de religión en seminarios institutos, liceos, escuelas normales y profesionales

Guardat en:
Dades bibliogràfiques
Autor principal: Marín Negueruela, Nicolás (autor)
Format: Llibre
Idioma:espanyol
Publicat: Barcelona Tipografía Catolica Casals 1925
Edició:1a. ed
Matèries:
Etiquetes: Afegir etiqueta
Sense etiquetes, Sigues el primer a etiquetar aquest registre!

MARC

LEADER 00000cam a2200000 a 4500
001 UCD0836
003 CL-VaPUC
008 151218e19250000sp |||||||||||||||||spa|d
082 0 4 |a 281  |b MAR  |2 21 
100 |a Marín Negueruela, Nicolás  |e autor  |9 583860 
245 1 0 |a Lecciones de apologética o fundamentos de la fe católica: para uso de los cursos superiores de religión en seminarios institutos, liceos, escuelas normales y profesionales 
250 |a 1a. ed 
300 |a t 
942 |c BK 
945 |d 20151218 14:15:00  |a gsalatino 
260 |a Barcelona  |b Tipografía Catolica Casals  |c 1925 
500 |a p.2: Cristianismo 
500 |a p.3: Catolicismo 
650 0 |a Apologética  |9 269349 
650 0 |a Teología dogmática   |9 313198 
650 0 |a Iglesia Católica  |9 256114 
583 |a last modification  |c 20151218 14:15:00  |k Rodrigo Vera 
999 |c 362273  |d 362271 
952 |0 0  |1 0  |3 erd  |4 0  |6 281_000000000000000_MAR_1925  |7 0  |8 P  |9 473325  |a BIBTEO  |b BIBTES  |c TEO_FTES  |h t.2 p.2-3  |i 5273730  |o 281 MAR 1925  |p 5273730  |r 2024-01-18  |w 2019-11-24  |y BK  |z Catalogado en:20151218  |k ICR